| 000 | 00787nam a22002537a 4500 | ||
|---|---|---|---|
| 001 | 29268 | ||
| 003 | UA-OsUOA | ||
| 005 | 20200607185158.0 | ||
| 007 | ta | ||
| 008 | 20041006b un ||||| |||| 00| 0 ukr d | ||
| 020 | _a966-00-0597-7 | ||
| 040 |
_aUA-OsUOA _bukr _cUA-OsUOA _dUA-OsUOA |
||
| 041 | _aukr | ||
| 044 | _aUA | ||
| 080 | _a81'35-161.2 | ||
| 090 |
_a81'35-161.2 _bУ45 |
||
| 245 |
_aУкраїнський правопис _cРед. О. А. Дітель |
||
| 260 |
_aКиїв _bНаукова думка _c2000 |
||
| 300 | _a240 с. | ||
| 650 | 7 |
_a8 Мовознавство. Художня література. Літературознавство _2UDC |
|
| 942 |
_cBK _2udc |
||
| 955 | _a2 | ||
| 999 |
_c315650 _d315650 |
||